[Event "14. Lichtenberger Sommer"]
[Site "14. Lichtenberger Sommer"]
[Date "2015.08.16"]
[Round "2.1"]
[White "Kupfer, Michael"]
[Black "Stern, René"]
[Result "0-1"]
[WhiteElo "2065"]
[BlackElo "2536"]
[PlyCount "142"]
[EventDate "2015.??.??"]
[WhiteTeam "SC Friesen Lichtenberg"]
[BlackTeam "SK König Tegel"]

1. e4 e5 2. Nc3 Nf6 3. Bc4 Nc6 4. d3 Bc5 5. f4 O-O 6. Nf3 Qe7 7. f5 Nd4 8. Bg5
c6 9. Ne2 d5 10. Nfxd4 dxc4 11. Nf3 cxd3 12. cxd3 h6 13. Bh4 g5 14. Bg3 Nd7 15.
Qc2 Be3 16. Bf2 Qc5 17. Qxc5 Bxc5 18. Bxc5 Nxc5 19. O-O-O f6 20. g4 Bd7 21. h4
Rad8 22. Kc2 Kg7 23. hxg5 hxg5 24. Rh3 Rh8 25. Rdh1 Rxh3 26. Rxh3 Be8 27. Nd2
a5 28. Nb3 Nxb3 29. Kxb3 Bf7+ 30. Ka3 b5 31. b3 c5 32. Kb2 c4 33. Nc1 Rd4 34.
Ne2 Rd8 35. Nc1 Rc8 36. dxc4 bxc4 37. Rc3 Rb8 38. Kc2 cxb3+ 39. axb3 Rb4 40.
Kd3 Rd4+ 41. Ke3 Rd1 42. Ke2 Rh1 43. Kf2 Rh2+ 44. Kg3 Rb2 45. Kf3 Kf8 46. Kg3
Rb1 47. Kf3 Ke7 48. Kg3 Kd6 49. Kf3 Be8 50. Nd3 Bc6 51. Nc1 Kc7 52. Nd3 Kb6 53.
Ke3 Bb5 54. Kf2 Rd1 55. Nc5 Rf1+ 56. Ke3 Rf4 57. Na4+ Kb7 58. Rc5 Bc6 59. Rc4
Rxg4 60. Nc5+ Kb6 61. Na4+ Kc7 62. Nc3 Kd6 63. b4 axb4 64. Rxb4 Rg3+ 65. Kd2
Kc7 66. Rc4 Kd7 67. Rxc6 Kxc6 68. Nd5 Kc5 69. Nxf6 Kd4 70. Ke2 Ra3 71. Kf2 Ra6
0-1

[Event "14. Lichtenberger Sommer"]
[Site "14. Lichtenberger Sommer"]
[Date "2015.08.16"]
[Round "2.3"]
[White "Daverkausen, Bernd"]
[Black "Abel, Dennes"]
[Result "0-1"]
[WhiteElo "2137"]
[BlackElo "2435"]
[PlyCount "78"]
[EventDate "2015.??.??"]
[WhiteTeam "SC Zugzwang 95 (Berlin)"]
[BlackTeam "SK Ricklingen"]

1. c4 c6 2. Nc3 d5 3. cxd5 cxd5 4. d4 Nf6 5. Bf4 Nc6 6. e3 Bf5 7. Qb3 Na5 8.
Qa4+ Bd7 9. Qc2 e6 10. Bd3 Nh5 11. Be5 Nc6 12. Be2 Nxe5 13. dxe5 g6 14. Nf3 Rc8
15. Qb3 Qa5 16. O-O Qb4 17. Nd4 Ng7 18. Rfc1 Nf5 19. Ncb5 Rxc1+ 20. Rxc1 Nxd4
21. Nxd4 Qxb3 22. Nxb3 Kd8 23. Nd4 Bg7 24. f4 f6 25. exf6 Bxf6 26. Bf3 Rf8 27.
Rd1 Ke7 28. Kf2 g5 29. g3 gxf4 30. exf4 Kd6 31. Ke3 a6 32. Rd2 Rc8 33. Kd3 Rc4
34. Ne2 Bb5 35. Ke3 Bd8 36. Kf2 Bb6+ 37. Kg2 Ba5 38. Rd3 Rc2 39. Re3 d4 0-1

[Event "14. Lichtenberger Sommer"]
[Site "14. Lichtenberger Sommer"]
[Date "2015.08.16"]
[Round "2.4"]
[White "Berger, Steve"]
[Black "Schmidt, Markus"]
[Result "1-0"]
[WhiteElo "2420"]
[BlackElo "2108"]
[PlyCount "67"]
[EventDate "2015.??.??"]
[WhiteTeam "SK König Tegel"]
[BlackTeam "SK Turm Bad Hersfeld"]

1. e4 e5 2. Nf3 Nc6 3. Nc3 Nf6 4. d4 exd4 5. Nxd4 Bb4 6. Nxc6 bxc6 7. Bd3 d5 8.
exd5 cxd5 9. O-O O-O 10. h3 c6 11. Qf3 h6 12. Bf4 Bd6 13. Rfe1 Be6 14. Rad1 Rb8
15. b3 Rb4 16. Bd2 Rh4 17. Ne2 Ne4 18. Bxe4 dxe4 19. Qe3 Qc7 20. Bc3 f5 21. g3
Rxh3 22. Rxd6 f4 23. Qd4 e3 24. Nxf4 exf2+ 25. Kxf2 Bd5 26. Rxd5 cxd5 27. Qxd5+
Kh8 28. Bd2 g5 29. Kg2 Rxg3+ 30. Kxg3 gxf4+ 31. Kf3 Rd8 32. Qa5 Qc6+ 33. Re4
Rg8 34. Qc3+ 1-0

[Event "14. Lichtenberger Sommer"]
[Site "14. Lichtenberger Sommer"]
[Date "2015.08.16"]
[Round "2.5"]
[White "Zschäbitz, Klaus"]
[Black "Malek, Daniel"]
[Result "0-1"]
[WhiteElo "2061"]
[BlackElo "2398"]
[PlyCount "60"]
[EventDate "2015.??.??"]
[WhiteTeam "Berliner SchGes Eckbauer"]
[BlackTeam "SK Zehlendorf"]

1. Nf3 d5 2. g3 Nf6 3. c4 dxc4 4. Bg2 c6 5. O-O b5 6. b3 cxb3 7. Qxb3 e6 8. Ne5
Bb7 9. Bb2 Bd6 10. Rc1 Qb6 11. a4 Bxe5 12. Bxe5 Ng4 13. d4 Nxe5 14. dxe5 O-O
15. a5 Qd4 16. Na3 a6 17. Nc4 Ra7 18. e3 bxc4 19. exd4 cxb3 20. Rab1 c5 21.
Rxc5 Bxg2 22. Kxg2 Rb7 23. Rc3 Rd8 24. Kf3 g6 25. Ke3 Rd5 26. Rbxb3 Rxb3 27.
Rxb3 Nc6 28. Rb6 Nxd4 29. Rxa6 Kg7 30. Ra8 Nc6 0-1

[Event "14. Lichtenberger Sommer"]
[Site "14. Lichtenberger Sommer"]
[Date "2015.08.16"]
[Round "2.6"]
[White "Figura, Atila Gajo"]
[Black "Richter, Götz"]
[Result "1-0"]
[WhiteElo "2384"]
[BlackElo "2088"]
[PlyCount "53"]
[EventDate "2015.??.??"]
[WhiteTeam "SC Kreuzberg"]
[BlackTeam "Klub Kölner SF"]

1. Nf3 Nf6 2. g3 b5 3. Bg2 Bb7 4. O-O e6 5. d4 c5 6. a4 b4 7. c4 Qb6 8. a5 Qc7
9. Bf4 Bd6 10. Bxd6 Qxd6 11. e3 Qc7 12. Nbd2 d6 13. Qe2 O-O 14. Rfd1 Nbd7 15.
a6 Bc8 16. e4 Rb8 17. d5 e5 18. Nh4 Rb6 19. f4 Rxa6 20. Rxa6 Bxa6 21. Nf5 Rb8
22. Rf1 h5 23. Qe3 b3 24. fxe5 Nxe5 25. Qg5 Ng6 26. Nxg7 Nh7 27. Qh6 1-0

[Event "14. Lichtenberger Sommer"]
[Site "14. Lichtenberger Sommer"]
[Date "2015.08.16"]
[Round "2.7"]
[White "Albrecht, Rainer"]
[Black "Kalinitschew, Sergey"]
[Result "0-1"]
[WhiteElo "2072"]
[BlackElo "2410"]
[PlyCount "58"]
[EventDate "2015.??.??"]
[WhiteTeam "SC Kreuzberg"]
[BlackTeam "SC Kreuzberg"]

1. d4 Nf6 2. c4 e6 3. Nc3 Bb4 4. Bd2 O-O 5. Nf3 c5 6. dxc5 Bxc5 7. g3 b6 8. Bg2
Bb7 9. O-O Be7 10. Qa4 Na6 11. Rac1 Nc5 12. Qc2 Rc8 13. b3 a6 14. Rfd1 b5 15.
cxb5 axb5 16. Nxb5 Qb6 17. a4 Nxa4 18. bxa4 Rxc2 19. Rxc2 Bc5 20. Be1 Ra8 21.
Ra1 Ng4 22. e3 Be4 23. Rb2 Qb7 24. Nh4 g5 25. Bxe4 Qxe4 26. Ng2 Ne5 27. Bc3
Nf3+ 28. Kh1 Rxa4 29. Rab1 Ra2 0-1

[Event "14. Lichtenberger Sommer"]
[Site "14. Lichtenberger Sommer"]
[Date "2015.08.16"]
[Round "2.9"]
[White "Badestein, Hartmut"]
[Black "Brüdigam, Martin"]
[Result "0-1"]
[WhiteElo "2055"]
[BlackElo "2371"]
[PlyCount "102"]
[EventDate "2015.??.??"]
[WhiteTeam "SC Friesen Lichtenberg"]
[BlackTeam "SK König Tegel"]

1. e4 e5 2. Nf3 Nc6 3. Bb5 a6 4. Ba4 Nf6 5. Qe2 Be7 6. c3 b5 7. Bb3 O-O 8. a4
b4 9. d3 Rb8 10. Nbd2 d6 11. Bc4 Na5 12. Ba2 c5 13. O-O b3 14. Bb1 Qc7 15. Re1
Be6 16. Nf1 c4 17. d4 Rfe8 18. Ng3 Bf8 19. h3 g6 20. Be3 Bg7 21. Qd2 Rec8 22.
Ng5 Bd7 23. Rf1 Ne8 24. d5 Nb7 25. f4 f6 26. Nf3 Nd8 27. f5 Nf7 28. h4 Qd8 29.
fxg6 hxg6 30. h5 g5 31. Nh2 Nh6 32. Nf5 Kh7 33. Qe2 Bf8 34. g3 Rb7 35. Kg2 Ng7
36. Nxh6 Kxh6 37. Rh1 Be7 38. Nf1 Rcc7 39. g4 Qc8 40. Kg3 a5 41. Nd2 Rb8 42.
Rf1 Be8 43. Rf2 Bd7 44. Qf1 Bxg4 45. Rxf6+ Bxf6 46. Qxf6+ Kh7 47. Qg6+ Kh8 48.
Qh6+ Kg8 49. Qxg5 Bxh5 50. Bd3 cxd3 51. Rh1 Qe8 0-1

[Event "14. Lichtenberger Sommer"]
[Site "14. Lichtenberger Sommer"]
[Date "2015.08.16"]
[Round "2.10"]
[White "Dauth, Benjamin"]
[Black "Ouadi, Wahbi"]
[Result "1-0"]
[WhiteElo "2360"]
[BlackElo "1962"]
[PlyCount "56"]
[EventDate "2015.??.??"]
[WhiteTeam "SC Rotation Pankow"]
[BlackTeam "La Diagonale - Eybens"]

1. e4 d5 2. exd5 Qxd5 3. Qf3 Nf6 4. Nc3 Qa5 5. d4 c6 6. h3 Bf5 7. b4 Qxb4 8.
Rb1 Qa5 9. Bd2 e6 10. Rxb7 Bb4 11. Bc4 O-O 12. Nge2 Bxc2 13. O-O Bxc3 14. Nxc3
Qf5 15. Qe2 Ne4 16. Re1 Nd6 17. Rb2 Nxc4 18. Qxc4 Bd3 19. Qa4 Rc8 20. Re3 Nd7
21. Rf3 Qg6 22. Rg3 Qf5 23. Bh6 g6 24. Rb7 Bc2 25. Qa3 Qh5 26. Qc1 Nb6 27. Rf3
f5 28. g4 Qh4 1-0

[Event "14. Lichtenberger Sommer"]
[Site "14. Lichtenberger Sommer"]
[Date "2015.08.16"]
[Round "2.11"]
[White "Kornrumpf, Joachim"]
[Black "Bazarov, Konstantin"]
[Result "0-1"]
[WhiteElo "2046"]
[BlackElo "2321"]
[PlyCount "68"]
[EventDate "2015.??.??"]
[WhiteTeam "Preetzer TSV"]
[BlackTeam "Moscow"]

1. b3 e5 2. Bb2 d6 3. e3 Nf6 4. c4 Be7 5. d3 O-O 6. Nf3 Nc6 7. Be2 Re8 8. Nbd2
Bf8 9. O-O d5 10. cxd5 Nxd5 11. a3 a5 12. Re1 Nb6 13. Qc2 Bf5 14. Rad1 Qd7 15.
Ne4 Rad8 16. Ng3 Rc8 17. Nxf5 Qxf5 18. Nd2 Ne7 19. Nc4 Ng6 20. Nxa5 e4 21. Nc4
Nxc4 22. Qxc4 Nh4 23. dxe4 Rxe4 24. Rd4 Rce8 25. Rxe4 Rxe4 26. Qxc7 Re6 27. Qc4
Rh6 28. Qf4 Qc2 29. Bc4 Nf5 30. h3 Nd6 31. Qd4 Nxc4 32. bxc4 Rc6 33. Rc1 Qe2
34. a4 Rd6 0-1

[Event "14. Lichtenberger Sommer"]
[Site "14. Lichtenberger Sommer"]
[Date "2015.08.16"]
[Round "2.12"]
[White "Von Herman, Ulf"]
[Black "Püschel, Werner"]
[Result "1-0"]
[WhiteElo "2375"]
[BlackElo "2049"]
[PlyCount "73"]
[EventDate "2015.??.??"]
[WhiteTeam "SK König Tegel"]
[BlackTeam "Lasker Steglitz-Wilmersdorf"]

1. d4 c5 2. d5 Nf6 3. c4 e6 4. Nc3 exd5 5. cxd5 d6 6. e4 g6 7. f4 Bg7 8. Bb5+
Nfd7 9. Bd3 a6 10. a4 O-O 11. Nf3 Nf6 12. h3 Nbd7 13. O-O Re8 14. Re1 Qc7 15.
Bc4 h6 16. e5 Nh7 17. e6 Ndf8 18. Qb3 b6 19. g4 Bb7 20. Qd1 Re7 21. f5 gxf5 22.
gxf5 Nf6 23. Bf4 Rd8 24. Nh2 fxe6 25. fxe6 Ng6 26. Bg3 h5 27. Nf3 Bh6 28. Kh2
Rg7 29. Rg1 Kh8 30. Nh4 Ne7 31. Rf1 Rf8 32. Ne4 Rxg3 33. Nxf6 Rg5 34. Ne4 Rxf1
35. Qxf1 Re5 36. Qf7 Qd8 37. Nf6 1-0

[Event "14. Lichtenberger Sommer"]
[Site "14. Lichtenberger Sommer"]
[Date "2015.08.16"]
[Round "2.13"]
[White "Steinert, Christian"]
[Black "Schild, Christoph"]
[Result "0-1"]
[WhiteElo "1971"]
[BlackElo "2375"]
[PlyCount "106"]
[EventDate "2015.??.??"]
[WhiteTeam "SV Empor Berlin"]
[BlackTeam "SK Freiburg-Zähringen 1887 e.V."]

1. e4 e6 2. d4 d5 3. e5 c5 4. c3 Nc6 5. Nf3 Bd7 6. Be2 Nge7 7. Na3 cxd4 8. cxd4
Nf5 9. Nc2 a5 10. O-O h5 11. Bd3 Be7 12. Bd2 g5 13. Bc3 g4 14. Nd2 Qb6 15. Nb3
Nb4 16. Bxb4 axb4 17. Qe2 Nh4 18. Kh1 Ng6 19. f4 Nh4 20. Ne3 O-O-O 21. Nc5 Kb8
22. Rac1 f5 23. a3 bxa3 24. bxa3 Bxc5 25. Rxc5 Rc8 26. Rb1 Qa7 27. Rxc8+ Rxc8
28. Qb2 Ng6 29. g3 Rc7 30. Nc2 Ne7 31. Nb4 Ka8 32. a4 Nc6 33. Nxc6 bxc6 34. a5
Rb7 35. Qxb7+ Qxb7 36. Rxb7 Kxb7 37. Kg1 Bc8 38. Kf2 Ka7 39. Ke3 Ba6 40. Bc2
Bb5 41. Bxf5 exf5 42. e6 Ka6 43. e7 c5 44. dxc5 Kxa5 45. Kd4 Bc6 46. e8=Q Bxe8
47. Kxd5 Kb5 48. Ke6 Kxc5 49. Kxf5 Kd5 50. Kg5 Ke4 51. Kh4 Kf3 52. h3 Bd7 53.
hxg4 hxg4 0-1

[Event "14. Lichtenberger Sommer"]
[Site "14. Lichtenberger Sommer"]
[Date "2015.08.16"]
[Round "2.14"]
[White "Giemsa, Stephan"]
[Black "Kutschke, Jens"]
[Result "0-1"]
[WhiteElo "2336"]
[BlackElo "1975"]
[PlyCount "120"]
[EventDate "2015.??.??"]
[WhiteTeam "SK König Tegel"]
[BlackTeam "SF 1903 Berlin"]

1. d4 Nf6 2. c4 g6 3. Nc3 d5 4. cxd5 Nxd5 5. e4 Nxc3 6. bxc3 Bg7 7. Nf3 c5 8.
Be3 Qa5 9. Qd2 Nc6 10. Rb1 cxd4 11. cxd4 Qxd2+ 12. Kxd2 O-O 13. d5 Rd8 14. Bd3
Na5 15. Bg5 f6 16. Bf4 b6 17. Bc7 Rf8 18. Ke2 Nb7 19. Nd2 f5 20. e5 Nc5 21. Bc4
Ba6 22. d6+ Bxc4+ 23. Nxc4 Rfc8 24. Rhd1 Ne6 25. Ne3 Nxc7 26. dxc7 Bxe5 27. Nd5
Kf7 28. Rbc1 Ke8 29. f4 Bd6 30. Nf6+ Kf7 31. Nd5 Bc5 32. Ne3 Rxc7 33. Nc4 Rac8
34. Ne5+ Ke6 35. Nf3 h6 36. g3 Bb4 37. Nd4+ Kf6 38. Rxc7 Rxc7 39. Rb1 Bc5 40.
Nb5 Rd7 41. a4 a5 42. Rb3 e5 43. fxe5+ Kxe5 44. h3 g5 45. Rf3 f4 46. gxf4+ gxf4
47. Nc3 Be3 48. Rf1 Rd2+ 49. Kf3 h5 50. Ne2 Ra2 51. Rd1 Rxa4 52. Rd8 Ra3 53.
Re8+ Kd5 54. Rd8+ Kc4 55. Ke4 f3 56. Ng3 f2 57. Nf1 Bc5 58. Nd2+ Kb4 59. Rd3
Rxd3 60. Kxd3 a4 0-1

[Event "14. Lichtenberger Sommer"]
[Site "14. Lichtenberger Sommer"]
[Date "2015.08.16"]
[Round "2.15"]
[White "Dreke, Frank"]
[Black "Gullaksen, Eirik"]
[Result "0-1"]
[WhiteElo "2003"]
[BlackElo "2345"]
[PlyCount "80"]
[EventDate "2015.??.??"]
[WhiteTeam "SV Mattnetz Berlin"]
[BlackTeam "Bergens schakklub"]

1. e4 c5 2. Nf3 Nc6 3. d4 cxd4 4. Nxd4 e5 5. Nb3 Nf6 6. Bg5 h6 7. Bxf6 Qxf6 8.
Nc3 Bb4 9. Qd3 O-O 10. a3 Bxc3+ 11. Qxc3 d6 12. Rd1 Rd8 13. Be2 Qg6 14. Bf3 Be6
15. Rd2 Rac8 16. Qe3 Bxb3 17. Qxb3 Nd4 18. Qd3 d5 19. O-O dxe4 20. Bxe4 f5 21.
Bxb7 Rc7 22. Ba6 Nf3+ 23. Qxf3 Rxd2 24. Qb3+ Kh7 25. Bc4 Qb6 26. Qc3 Qd6 27. b3
e4 28. h4 Rd1 29. Rxd1 Qxd1+ 30. Kh2 Rd7 31. Qa5 Qg4 32. g3 f4 33. Qc3 fxg3+
34. fxg3 Qd1 35. Qe3 Qd2+ 36. Qxd2 Rxd2+ 37. Kg1 Kg6 38. Be6 Kf6 39. Bg8 Rxc2
40. Kf1 Ke5 0-1

[Event "14. Lichtenberger Sommer"]
[Site "14. Lichtenberger Sommer"]
[Date "2015.08.16"]
[Round "2.16"]
[White "De Marchi, Olivier"]
[Black "Heerde, Thomas"]
[Result "1/2-1/2"]
[WhiteElo "2283"]
[BlackElo "1967"]
[PlyCount "138"]
[EventDate "2015.??.??"]
[WhiteTeam "La Diagonale - Eybens"]
[BlackTeam "SC Weisse Dame (Berlin)"]

1. d4 Nf6 2. c4 c5 3. d5 b5 4. cxb5 a6 5. bxa6 g6 6. Nc3 Bg7 7. g3 Bxa6 8. Bg2
d6 9. Nf3 Nbd7 10. Rb1 O-O 11. O-O Qa5 12. Bd2 Bb7 13. b3 Qa7 14. Bc1 Nb6 15.
e4 Ba6 16. Re1 Ng4 17. Ne2 Nd7 18. Bb2 Nde5 19. Nxe5 Nxe5 20. Nc1 Rfb8 21. Kh1
h5 22. h3 h4 23. gxh4 c4 24. f4 Nd7 25. Bxg7 Kxg7 26. h5 Nf6 27. hxg6 fxg6 28.
Rb2 Rh8 29. f5 g5 30. Ne2 Ng4 31. Qd4+ Kf7 32. Qxa7 Rxa7 33. Kg1 Ne5 34. Nc1
Kf6 35. Re3 Rc8 36. Rc3 Rb8 37. Bf1 cxb3 38. axb3 Bxf1 39. Kxf1 Rb4 40. Re3 Ra1
41. Rc2 Nd7 42. Ke2 Rb1 43. Rcc3 Nc5 44. Nd3 Nxd3 45. Rcxd3 Ke5 46. Kf3 Rf1+
47. Ke2 Rf4 48. Kd2 Rfxe4 49. Kc3 Rb7 50. Rxe4+ Kxe4 51. Rd4+ Kxf5 52. b4 Ke5
53. Rd2 Rc7+ 54. Kb3 e6 55. dxe6 Kxe6 56. b5 d5 57. Rd4 Rh7 58. Rd3 Ke5 59. Kb4
Ke4 60. Rg3 d4 61. b6 d3 62. Kc3 Rd7 63. Kd2 Rb7 64. Rg4+ Kf3 65. Rb4 Kg3 66.
Kxd3 Kxh3 67. Ke2 g4 68. Kf2 Rf7+ 69. Kg1 Rb7 1/2-1/2

[Event "14. Lichtenberger Sommer"]
[Site "14. Lichtenberger Sommer"]
[Date "2015.08.16"]
[Round "2.17"]
[White "Wierzbicki, Jirawat"]
[Black "Ortmann, David"]
[Result "0-1"]
[WhiteElo "1961"]
[BlackElo "2302"]
[PlyCount "74"]
[EventDate "2015.??.??"]
[WhiteTeam "SK König Tegel"]
[BlackTeam "SC Böblingen"]

1. e4 e6 2. d3 d5 3. Qe2 Nc6 4. c3 e5 5. g3 Nf6 6. Bg2 dxe4 7. dxe4 Be7 8. Nf3
O-O 9. O-O Be6 10. Qc2 a5 11. a4 Nd7 12. Rd1 h6 13. Be3 Qc8 14. Nfd2 Nc5 15. f4
f5 16. exf5 Bxf5 17. Ne4 exf4 18. Bxf4 Bxe4 19. Bxe4 Rxf4 20. Bd5+ Rf7 21.
Bxf7+ Kxf7 22. Nd2 Kg8 23. Re1 Qd7 24. Nf3 Rf8 25. Ne5 Nxe5 26. Rxe5 Bd6 27.
Re2 Qc6 28. b4 Nd7 29. Qb3+ Kh8 30. Rae1 axb4 31. cxb4 Qb6+ 32. Kg2 Bxb4 33.
Rb1 Qc6+ 34. Kh3 Rf5 35. Re8+ Nf8 36. Re3 Rh5+ 37. Kg4 Qg6+ 0-1

[Event "14. Lichtenberger Sommer"]
[Site "14. Lichtenberger Sommer"]
[Date "2015.08.16"]
[Round "2.18"]
[White "Lerch, Philipp"]
[Black "Brasoy, Aksel"]
[Result "1/2-1/2"]
[WhiteElo "2302"]
[BlackElo "1959"]
[PlyCount "113"]
[EventDate "2015.??.??"]
[WhiteTeam "SC Kreuzberg"]
[BlackTeam "Alta sjakklubb"]

1. e4 c5 2. Na3 Nc6 3. Bb5 Qc7 4. Nf3 d6 5. O-O Nf6 6. Re1 Bd7 7. c3 g6 8. d4
cxd4 9. cxd4 Bg7 10. e5 dxe5 11. dxe5 Ng4 12. Bf4 Qb6 13. Qe2 O-O 14. Rad1 Rad8
15. Bc4 Kh8 16. Nb5 Na5 17. Bd3 Bxb5 18. Bxb5 Nc6 19. h3 Nh6 20. Rxd8 Nxd8 21.
Bc4 Ne6 22. Be3 Qa5 23. Bxe6 fxe6 24. Qd2 Qxd2 25. Bxd2 Nf7 26. g4 Rd8 27. Bf4
Rd5 28. Rc1 Bxe5 29. Nxe5 Nxe5 30. Rc7 g5 31. Bxe5+ Rxe5 32. Rxe7 Rb5 33. b3 e5
34. Kg2 a5 35. Kf3 a4 36. bxa4 Ra5 37. Ke4 Rxa4+ 38. Kxe5 Rxa2 39. Kf6 Rxf2+
40. Kxg5 b5 41. Rb7 Rf3 42. h4 Ra3 43. Kf6 Rf3+ 44. Kg5 Ra3 45. Rb6 Kg7 46. h5
Ra7 47. h6+ Kf7 48. Rb8 Rc7 49. Rh8 Ke6 50. Kh5 b4 51. g5 b3 52. g6 hxg6+ 53.
Kxg6 b2 54. Re8+ Kd5 55. Rb8 Rc2 56. h7 Rg2+ 57. Kf7 1/2-1/2

[Event "14. Lichtenberger Sommer"]
[Site "14. Lichtenberger Sommer"]
[Date "2015.08.16"]
[Round "2.19"]
[White "Janse, Alexander"]
[Black "Rietze, Clemens"]
[Result "0-1"]
[WhiteElo "1881"]
[BlackElo "2289"]
[PlyCount "46"]
[EventDate "2015.??.??"]
[WhiteTeam "SSV Klim-Op"]
[BlackTeam "SC Rotation Pankow"]

1. e4 c5 2. Nf3 e6 3. d4 cxd4 4. Nxd4 Nc6 5. Be3 Nf6 6. Nc3 Qc7 7. Be2 a6 8. f4
Bb4 9. Bf3 Na5 10. Qd3 Nc4 11. Bc1 e5 12. Nf5 g6 13. Ne3 Nxe3 14. Bxe3 d5 15.
exd5 Bf5 16. Qd2 e4 17. Bd4 exf3 18. Bxf6 fxg2 19. Qxg2 Qxf4 20. Bxh8 Kd7 21.
h3 Rxh8 22. Rh2 Re8+ 23. Kd1 Qd4+ 0-1

[Event "14. Lichtenberger Sommer"]
[Site "14. Lichtenberger Sommer"]
[Date "2015.08.16"]
[Round "2.20"]
[White "Thesing, Ansgar"]
[Black "Krefenstein, Sergej"]
[Result "0-1"]
[WhiteElo "1933"]
[BlackElo "2184"]
[PlyCount "83"]
[EventDate "2015.??.??"]
[WhiteTeam "SC Kreuzberg"]
[BlackTeam "TuS Makkabi Berlin"]

1. e4 c5 2. Nc3 Nc6 3. f4 d6 4. Nf3 Nf6 5. Bc4 e6 6. d3 Be7 7. O-O O-O 8. e5
dxe5 9. fxe5 Nxe5 10. Nxe5 Qd4+ 11. Kh1 Qxe5 12. Bf4 Qh5 13. Nb5 Qxd1 14. Raxd1
Bd7 15. Bd6 Bxd6 16. Nxd6 Bc6 17. Bb5 Bxb5 18. Nxb5 Nd5 19. Rf3 Rfd8 20. Rdf1
Rd7 21. Na3 Nb4 22. Nc4 f6 23. R3f2 Rad8 24. a3 Nc6 25. Re1 e5 26. Ne3 Nd4 27.
Nf5 Nxf5 28. Rxf5 c4 29. dxc4 Rd2 30. Rc1 Re2 31. Rff1 Rdd2 32. Rg1 Rxc2 33. b4
Rxg2 34. Rxc2 Rxc2 35. c5 Kf7 36. Rd1 Ke7 37. Kg1 Ra2 38. Rd3 e4 39. Rc3 a6 40.
c6 bxc6 41. Rxc6 Rxa3 42. Rc7+ 0-1